01712nam a2200277 a 450000100100000000500170001000800410002702000180006804100080008604300120009410000150010624500700012125000120019126000350020330000460023850000670028452007700035152100460112153400570116765000400122465000390126465000280130365000290133165000350136070000390139500008731220200120224944.0190820s2018 ck a br| ||| | spa d a97895887879610 aspa as-ck---1 aPapp, Lisa10aAprendiendo a leer /cLisa Papp; traductor: Clara García Pujol. a1a. ed. aBogotá :bMonserrate,c2018. a[32] páginas :bilustraciones en color. a"Plan Nacional de Lectura y Escritura Leer es mi Cuento, 2018"3 a"Martina es la protagonista de esta historia. Martina tiene dificultades para leer. Como no consigue hacerlo bien se siente desmotivada y no le apetece nada leer. Este es un libro para hablar con los niños del esfuerzo y de la paciencia. Trabajando estas dos habilidades desarrollaran la tolerancia a la frustración que es básica para un correcto desarrollo emocional. Es importante que entiendan que las cosas nuevas a la primera no salen. Tenemos que educarles para que no desistan y sigan esforzándose ya que de los errores aprendemos todos. Martina encuentra la forma de perder el miedo a la lectura gracias a una perrita que la escucha pacientemente. Gracias al apoyo de su nueva amiga se relaja, deja de pensar en el fracaso y disfruta de la lectura." aRecomendado para niños de 7 a 12 años tTítulo original: Madeline Finn and the library dog14aLiteratura infantil estadounidenses24aCuentos infantiles estadounidenses24aAutores estadounidenses24aAmistad en la literatura24aLibros ilustrados para niños1 aGarcía Pujol, Clara,etraductor.